Welcome to the Holygrace Academy Library

Please use search bar below to get started

INDIAN MYTHOLOGY:MITRA LOSES SOME GLORY AND OTHER STORIES (Record no. 8405)

MARC details
000 -LEADER
fixed length control field 00513nam a22001577a 4500
020 ## - INTERNATIONAL STANDARD BOOK NUMBER
ISBN 978-93-5049-656-5
082 ## - DEWEY DECIMAL CLASSIFICATION NUMBER
Classification number 823
Item number DEB/I
100 ## - MAIN ENTRY--AUTHOR NAME
Personal name DEBROY, DIPAVALI
245 ## - TITLE STATEMENT
Title INDIAN MYTHOLOGY:MITRA LOSES SOME GLORY AND OTHER STORIES
246 ## - VARYING FORM OF TITLE
Title proper/short title INDIAN MYTHOLOGY:MITRA LOSES SOME GLORY AND OTHER STORIES
Remainder of title INDIAN MYTHOLOGY:MITRA LOSES SOME GLORY AND OTHER STORIES
260 ## - PUBLICATION, DISTRIBUTION, ETC. (IMPRINT)
Place of publication MUMBAI
Name of publisher SHREE BOOK CENTER
Year of publication 2016
300 ## - PHYSICAL DESCRIPTION
Number of Pages 31
520 ## - SUMMARY, ETC.
Summary, etc ILLUSTRATED STORIES
650 ## - SUBJECT ADDED ENTRY--TOPICAL TERM
Topical Term MYTHOLOGICAL STORIES
942 ## - ADDED ENTRY ELEMENTS (KOHA)
Koha item type Books
Holdings
Withdrawn status Lost status Collection code Home library Current library Shelving location Date acquired Source of acquisition Full call number Accession Number Koha item type
    Fiction Main Library Main Library SHELF 4-H HARDY BOYS,CAPTAIN UNDERPANTHS,TALES FOR CHILDREN 25/10/2019 PURCHASED 823 DEB/I 11716 Books